| 000 | 00408ata a2200181 4500 | ||
|---|---|---|---|
| 005 | 20161013184156.0 | ||
| 008 | 150519b xxu||||| |||| 00| 0 spa d | ||
| 041 | _aspa | ||
| 082 | _a330 S117e | ||
| 100 |
_aSaborio, Sylvia _926023 |
||
| 245 | _aElementos de economía | ||
| 260 | _aCosta Rica | ||
| 260 | _bEUNED | ||
| 260 | _c1994 | ||
| 300 | _a216 páginas | ||
| 650 |
_aECONOMÍA _9189 |
||
| 942 | _cBK | ||
| 999 |
_c5699 _d5699 |
||